LEADER 00978nam0 2200277 450 001 000006577 005 20060316141627.0 010 $a88-244-8104-3 100 $a20060306d2005----km-y0itay50------ba 101 0 $aita 102 $aIT 105 $ay-------001yy 200 1 $aCompendio di diritto industriale$ein appendice : codice della proprietà industriale (d.Legs. 10/2/2005, n. 30) e Legge antitrust (L. 10/10/1990, n. 287), commentati ed esplicati articolo per articolo 205 $a4. ed. 210 $aNapoli$cSimone$d2005 215 $a431 p.$d23 cm 225 2 $aLa nuova università$hI volumi di base$v31 410 0$12001$aLa nuova università, I volumi di base 610 1 $aDiritto industriale 676 $a346.048$v20 801 0$aIT$bUNIPARTHENOPE$c20060302$gRICA$2UNIMARC 912 $a000006577 951 $a346-C/24$b38342$cNAVA1$d2006 951 $aO-0054$b38348$cNAVA3$d2006 996 $aCompendio di diritto industriale$91205414 997 $aUNIPARTHENOPE